Wybierać kotwicę! /
Збережено в:
| Автор: | |
|---|---|
| Формат: | Книга |
| Мова: | Польська |
| Опубліковано: |
Gdańsk :
Wydaw. Morskie,
1984
|
| Редагування: | Wyd. 4. |
| Серія: | Opowieści Morskie
|
| Предмети: | |
| Теги: |
Немає тегів, Будьте першим, хто поставить тег для цього запису!
|
MARC
| LEADER | 00000nam a2200000 i 4500 | ||
|---|---|---|---|
| 001 | 9910256853605606 | ||
| 005 | 20260515140227.0 | ||
| 008 | 990506s1984 pl |000 0 pol | ||
| 020 | |a 8321551890 | ||
| 035 | |a 991009573609705066 | ||
| 035 | |a (PL-WaBN)b1258969x-48omnis_nlop | ||
| 035 | |a b1258969x | ||
| 035 | |a (OCoLC)803971734 | ||
| 035 | |a (PL)b0000001258969 | ||
| 040 | |a WA N |c WA N |d WA N |d KR U |d WA N | ||
| 041 | 0 | |a pol | |
| 080 | |a 884-3:929A/Z | ||
| 090 | |c 100 |d 99 | ||
| 100 | 1 | |a Milenuszkin, Walenty Zygmunt |d (1921-1989) | |
| 245 | 1 | 0 | |a Wybierać kotwicę! / |c Walenty Zygmunt Milenuszkin. |
| 250 | |a Wyd. 4. | ||
| 260 | |a Gdańsk : |b Wydaw. Morskie, |c 1984 |e (Gdań : |f ZG). | ||
| 300 | |a 223, [1] s. ; |c 20 cm. | ||
| 490 | 1 | |a Opowieści Morskie | |
| 600 | 1 | 7 | |a Milenuszkin, Walenty Zygmunt |d (1921-1989) |
| 650 | 7 | |a Marynarka wojenna | |
| 651 | 7 | |a Polska | |
| 830 | 0 | |a Opowieści Morskie | |
| 920 | |a 83-215-5189-0 | ||
| 942 | |c K | ||
| 952 | |0 0 |1 0 |4 0 |6 R__107_000000000000000 |7 0 |9 97 |a RYT |b RYT |d 2026-05-13 |e 1/2014 |g 10.00 |l 0 |o R.107 |p 2000000001074 |r 2026-05-15 14:02:27 |w 2026-05-15 |y BK |z da | ||
| 999 | |c 97 |d 97 | ||